<?xml version="1.0" encoding="UTF-8"?>
<record
    xmlns:xsi="http://www.w3.org/2001/XMLSchema-instance"
    xsi:schemaLocation="http://www.loc.gov/MARC21/slim http://www.loc.gov/standards/marcxml/schema/MARC21slim.xsd"
    xmlns="http://www.loc.gov/MARC21/slim">

  <leader>04379nam a2200409 a 4500</leader>
  <controlfield tag="001">dia_3646</controlfield>
  <controlfield tag="003">CHAP</controlfield>
  <controlfield tag="005">20250221102540.0</controlfield>
  <controlfield tag="007">ta</controlfield>
  <controlfield tag="008">220601s2006    mx ado frm    001 0 spa d</controlfield>
  <datafield tag="040" ind1=" " ind2=" ">
    <subfield code="a">mxchpua</subfield>
    <subfield code="c">CHAP</subfield>
  </datafield>
  <datafield tag="041" ind1="0" ind2=" ">
    <subfield code="a">spa</subfield>
    <subfield code="b">eng</subfield>
  </datafield>
  <datafield tag="090" ind1=" " ind2=" ">
    <subfield code="a">Tesis</subfield>
    <subfield code="b">H478</subfield>
    <subfield code="c">2006</subfield>
  </datafield>
  <datafield tag="100" ind1="1" ind2=" ">
    <subfield code="a">Hern&#xE1;ndez Mart&#xED;nez, Roc&#xED;o</subfield>
  </datafield>
  <datafield tag="245" ind1="4" ind2="0">
    <subfield code="a">Evaluaci&#xF3;n de fracturabilidad, envase y embalaje en galletas de ma&#xED;z cacahuacintle /</subfield>
    <subfield code="c">Roci&#xF3; Hern&#xE1;ndez Mart&#xED;nez y Mar&#xED;a In&#xE9;s Irineo Contreras</subfield>
  </datafield>
  <datafield tag="264" ind1=" " ind2=" ">
    <subfield code="a">Chapingo, M&#xE9;xico :</subfield>
    <subfield code="b">El autor,</subfield>
    <subfield code="c">2006</subfield>
  </datafield>
  <datafield tag="300" ind1=" " ind2=" ">
    <subfield code="a">vi, 78 hojas :</subfield>
    <subfield code="b">ilustraciones, tablas, gr&#xE1;ficas, fotografias</subfield>
  </datafield>
  <datafield tag="336" ind1=" " ind2=" ">
    <subfield code="2">rdacontent</subfield>
    <subfield code="a">texto</subfield>
    <subfield code="b">txt</subfield>
  </datafield>
  <datafield tag="337" ind1=" " ind2=" ">
    <subfield code="2">rdamedia</subfield>
    <subfield code="a">no mediado</subfield>
    <subfield code="b">n</subfield>
  </datafield>
  <datafield tag="338" ind1=" " ind2=" ">
    <subfield code="2">rdacarrier</subfield>
    <subfield code="a">volumen</subfield>
    <subfield code="b">nc</subfield>
  </datafield>
  <datafield tag="502" ind1=" " ind2=" ">
    <subfield code="a">Tesis</subfield>
    <subfield code="b">(Ingeniero Agroindustrial) --</subfield>
    <subfield code="c">UACh. Departamento de Ingenier&#xED;a Agroindustrial,</subfield>
    <subfield code="d">2006</subfield>
  </datafield>
  <datafield tag="504" ind1=" " ind2=" ">
    <subfield code="a">Bibliograf&#xED;a : hojas </subfield>
  </datafield>
  <datafield tag="520" ind1="3" ind2=" ">
    <subfield code="a">Esta investigaci&#xF3;n, presenta alternativas de solucion para los problemas que enfrentan los productores de galleta de maiz cacahuacintle del Municipio de San Salvador el Seco, Puebla Se propone evaluar un aditivo que mejore la textura y un nuevo envase que disminuya la absorci&#xF3;n de humedad y el porcentaje de galletas fracturadas durante su manipulaci&#xF3;n y transporte, lo cual a su vez.aumentar&#xE1; su vida de anaquel. La investigaci&#xF3;n consisti&#xF3; en dos etapas, en la primera etapa se busc&#xF3; mejorar la formulaci&#xF3;n original para hacer mas resistente la galleta, sustituyendo uno de los ingredientes por almidon de trigo pregelatinizado de baja humedad La segunda etapa consisti&#xF3; en proponer y evaluar un envase y estimar vida de anaquel El envase propuesto fue papel encerado y corrugado, el cual fue evaluado mediante una prueba de caida, la vida de anaquel se estim&#xF3; en base a las condiciones clim&#xE1;ticas de cada regi&#xF3;n donde se desea vender la galleta, permeabilidad del envase, &#xE1;rea y espesor del envase y la humedad a la cual la galleta ya no es aceptable por el consumidor. Se trabajo con dos tratamientos, el tratamiento 1 fue galleta con formulaci&#xF3;n y envase original, el tratamiento 2 fue galleta con formulaci&#xF3;n y envase propuesto, siendo el tratamiento 2 el que presento mejores resultados al disminuir el porcentaje de da&#xF1;os en la prueba de caida y aument&#xF3; la vida de anaquel en galletas.</subfield>
  </datafield>
  <datafield tag="520" ind1="3" ind2=" ">
    <subfield code="a">The present investigation, presents alternatives of solution for the problems that face the producers of cookies of cacahuacintle corn of the Municipio de San Salvador el Seco, Puebla. In this work one sets out to evaluate an additive that the texture improves and a new package that diminishes the humidity absorption and the percentage of cookies fractured during its manipulation and transports, which as well, will increase his life of shelf. The investigation consisted of two stages, in the first stage one sought to improve the original formulation to do resistant the cookie, replacing one of the ingredients with starch of wheat pregelatinizado of low humidity. The second stage consisted in proposing and evaluating a package and estimating life of shelf. The proposed package was a Waxed paper and corrugated, which was evaluated by means of a test proof of fall, the life of shelf was estimated on the basis of the climatic conditions of each region where one wants to sell the cookie, permeability of the package, area and thickness of the package and the humidity to which the cookie already is not acceptable for the consumer. It do worked with two treatments, the treatment 1 was a cookie with formulation and packages original, the treatment 2 was a cookie with formulation and packages proposed, being the treatment 2 the one that presented better results to diminished the percentage of damages in the of fall and having increased the life of shelf in the cookie.</subfield>
  </datafield>
  <datafield tag="650" ind1="1" ind2="3">
    <subfield code="a">Galletas</subfield>
    <subfield code="2">atg</subfield>
    <subfield code="x">Ma&#xED;z</subfield>
  </datafield>
  <datafield tag="650" ind1="1" ind2="3">
    <subfield code="a">Galletas</subfield>
    <subfield code="2">atg</subfield>
    <subfield code="x">Envasado</subfield>
  </datafield>
  <datafield tag="650" ind1="1" ind2="3">
    <subfield code="a">Cookies  </subfield>
    <subfield code="2">atg</subfield>
    <subfield code="x">Zea mays</subfield>
  </datafield>
  <datafield tag="650" ind1="1" ind2="3">
    <subfield code="a">Cookies  </subfield>
    <subfield code="2">atg</subfield>
    <subfield code="x">Packaging</subfield>
  </datafield>
  <datafield tag="700" ind1="1" ind2=" ">
    <subfield code="a">Irineo Contreras, Mar&#xED;a In&#xE9;s</subfield>
    <subfield code="e">autora</subfield>
  </datafield>
  <datafield tag="700" ind1="1" ind2=" ">
    <subfield code="a">Buend&#xED;a Gonz&#xE1;lez, Mar&#xED;a Ofelia</subfield>
    <subfield code="e">directora</subfield>
  </datafield>
  <datafield tag="700" ind1="1" ind2=" ">
    <subfield code="a">Reyes Vigil, Miguel</subfield>
    <subfield code="e">asesor</subfield>
  </datafield>
  <datafield tag="700" ind1="1" ind2=" ">
    <subfield code="a">Hern&#xE1;ndez Montes, Arturo</subfield>
    <subfield code="e">asesor</subfield>
  </datafield>
  <datafield tag="901" ind1=" " ind2=" ">
    <subfield code="a">TESIS H478 2006</subfield>
  </datafield>
  <datafield tag="902" ind1=" " ind2=" ">
    <subfield code="a">M</subfield>
  </datafield>
  <datafield tag="905" ind1=" " ind2=" ">
    <subfield code="a">0000002006                          mx     0000000000spa00</subfield>
  </datafield>
  <datafield tag="942" ind1=" " ind2=" ">
    <subfield code="c">TESIS</subfield>
    <subfield code="2">Clasificaci&#xF3;n Universidad Aut&#xF3;noma Chapingo</subfield>
  </datafield>
  <datafield tag="999" ind1=" " ind2=" ">
    <subfield code="c">209365</subfield>
    <subfield code="d">209365</subfield>
  </datafield>
  <datafield tag="952" ind1=" " ind2=" ">
    <subfield code="0">0</subfield>
    <subfield code="1">0</subfield>
    <subfield code="2">local</subfield>
    <subfield code="4">0</subfield>
    <subfield code="5">1</subfield>
    <subfield code="7">0</subfield>
    <subfield code="8">TESIS</subfield>
    <subfield code="a">IA_</subfield>
    <subfield code="b">IA_</subfield>
    <subfield code="d">2025-02-21</subfield>
    <subfield code="e">El autor</subfield>
    <subfield code="l">0</subfield>
    <subfield code="o">Tesis H478 2006</subfield>
    <subfield code="p">1101015287</subfield>
    <subfield code="r">2026-02-02 00:00:00</subfield>
    <subfield code="t">Ej.1</subfield>
    <subfield code="w">2025-02-21</subfield>
    <subfield code="y">TESIS</subfield>
  </datafield>
  <datafield tag="952" ind1=" " ind2=" ">
    <subfield code="0">0</subfield>
    <subfield code="1">0</subfield>
    <subfield code="2">local</subfield>
    <subfield code="4">0</subfield>
    <subfield code="5">5</subfield>
    <subfield code="7">0</subfield>
    <subfield code="8">TESIS</subfield>
    <subfield code="a">IA_</subfield>
    <subfield code="b">IA_</subfield>
    <subfield code="d">2025-02-21</subfield>
    <subfield code="e">El autor</subfield>
    <subfield code="l">0</subfield>
    <subfield code="o">Tesis H478 2006</subfield>
    <subfield code="p">1101015288</subfield>
    <subfield code="r">2026-02-02 00:00:00</subfield>
    <subfield code="t">Ej.2</subfield>
    <subfield code="w">2025-02-21</subfield>
    <subfield code="y">TESIS</subfield>
  </datafield>
</record>
